Gandhi, his life and thought / (Record no. 134486)

MARC details
000 -LEADER
fixed length control field 00699nam a22002297a 4500
005 - DATE AND TIME OF LATEST TRANSACTION
control field 20170124110226.0
010 ## - LIBRARY OF CONGRESS CONTROL NUMBER
LC control number A-604881
020 ## - INTERNATIONAL STANDARD BOOK NUMBER
Terms of availability 11.00
035 ## - SYSTEM CONTROL NUMBER
System control number A-604881
037 ## - SOURCE OF ACQUISITION
Source of stock number/acquisition Cen Lib/Ret
040 ## - CATALOGING SOURCE
Original cataloging agency DPL
Language of cataloging EN
082 ## - DEWEY DECIMAL CLASSIFICATION NUMBER
Classification number 921
Item number KRI
100 ## - MAIN ENTRY--PERSONAL NAME
Personal name Kripalani, J. B
9 (RLIN) 40860
245 ## - TITLE STATEMENT
Title Gandhi, his life and thought /
Statement of responsibility, etc by J. B. Kripalani
260 ## - PUBLICATION, DISTRIBUTION, ETC. (IMPRINT)
Place of publication, distribution, etc New Delhi
Name of publisher, distributor, etc Publications Division
Date of publication, distribution, etc 1970
270 ## - ADDRESS
Address Patiala House
City New Delhi
Postal code 110001
300 ## - PHYSICAL DESCRIPTION
Extent xiii,508p.
Dimensions 21cm(Hb)
500 ## - GENERAL NOTE
General note Includes bibliographical references and index
650 ## - SUBJECT ADDED ENTRY--TOPICAL TERM
Topical term or geographic name as entry element Gandhi, -- Mahatma, -- 1869-1948
9 (RLIN) 40861
650 ## - SUBJECT ADDED ENTRY--TOPICAL TERM
Topical term or geographic name as entry element Gandhi, -- Mahatma
9 (RLIN) 27644
942 ## - ADDED ENTRY ELEMENTS (KOHA)
Source of classification or shelving scheme Dewey Decimal Classification
Koha item type English Books
Classification part 921
Call number suffix KRI
Holdings
Withdrawn status Lost status Damaged status Not for loan Collection code Home library Current library Date acquired Source of acquisition Cost, normal purchase price Total Checkouts Full call number Barcode Date last seen Copy number Cost, replacement price Price effective from Koha item type
      Not For Loan Reference Central Library Central Library 30/07/2015 Cen Lib/Ret 11.00   921 KRI A-604881 30/07/2015 1 11.00 30/07/2015 English Books

© Delhi Public Library
Hit Counter
free hit counter